| Record ID | marc_records_scriblio_net/part18.dat:20309782:754 |
| Source | Scriblio |
| Download Link | /show-records/marc_records_scriblio_net/part18.dat:20309782:754?format=raw |
LEADER: 00754nam 2200241 a 4500
001 85052239
003 DLC
005 19870808000000.0
008 870730s1986 ctua b 00010 eng
010 $a 85052239
020 $a0918804485 (pbk.) :$c$18.95
043 $an-us---
050 0 $aTT194$b.D86 1986
082 0 $a749.214$219
100 10 $aDunbar, Michael.
245 10 $aFederal furniture /$cMichael Dunbar.
260 0 $aNewtown, Conn. :$bTaunton Press,$cc1986.
300 $a183 p. :$bill. ;$c29 cm.
500 $a"A Fine woodworking book"--T.p. verso.
504 $aBibliography: p. 183.
650 0 $aFurniture making.
650 0 $aFurniture$zUnited States$xHistory$y19th century.
650 0 $aDecoration and ornament$zUnited States$xFederal style.